| 000 | 00666nam a2200205Ia 4500 | ||
|---|---|---|---|
| 001 | 6992 | ||
| 003 | GE_BSU | ||
| 008 | 181216s||||||||xx |||||||||||||| ||und|| | ||
| 040 | _cGE_BSU | ||
| 080 | _a621.001.2(035) | ||
| 100 | _aАнурьев,В.И. | ||
| 245 | _aСправочник конструктора-машиностроителя в 3-х томах. Т.3. | ||
| 245 | _cРед. Т.С.Грачева, Л.П.Рыжова. | ||
| 260 | _aМ. | ||
| 260 | _bМашиностроение. | ||
| 260 | _c1980. | ||
| 300 | _a557стр. илл. 22см. | ||
| 653 | _aСправочник конструктора-машиностроителя. | ||
| 942 | _cBK | ||
| 999 |
_c40384 _d40384 |
||